000 00301nam a22001337a 4500
008 180216b xxu||||| |||| 00| 0 eng d
020 _a9780521754576
041 _aeng
080 _a37
100 _a47
101 _aEDU
245 _aPronunciation practice activities
_cHewings,M
942 _2udc
_cBK
999 _c42845
_d42845